|
|
|
|
| LEADER |
00908naa a2200241 i 4500 |
| 001 |
publ31785 |
| 005 |
20250304112900.0 |
| 008 |
250304s1995 hu o 000 eng d |
| 020 |
|
|
|a 9630573008
|
| 024 |
7 |
|
|a 1836138
|2 mtmt
|
| 040 |
|
|
|a SZTE Publicatio Repozitórium
|b hun
|
| 041 |
|
|
|a eng
|
| 100 |
1 |
|
|a Hohmann Judit
|
| 245 |
1 |
2 |
|a A new methylated flavonol and flavonol glycosides from Eryngium campestre
|h [elektronikus dokumentum] /
|c Hohmann Judit
|
| 260 |
|
|
|a Akadémiai Kiadó Zrt.
|b Budapest
|c 1995
|
| 300 |
|
|
|a 5
|
| 300 |
|
|
|a 293-297
|
| 490 |
0 |
|
|a Flavonoids and Bioflavonoids 1995: Proceedings of the International Bioflavonoid Symposium - 9th Hungarian Bioflavonoid Symposium
|
| 650 |
|
4 |
|a Általános orvostudomány
|
| 700 |
0 |
1 |
|a Páll Zs.
|e aut
|
| 700 |
0 |
1 |
|a Vasas Andrea
|e aut
|
| 700 |
0 |
1 |
|a Máthé Imre
|e aut
|
| 856 |
4 |
0 |
|u http://publicatio.bibl.u-szeged.hu/31785/1/aok_klny_19_96.pdf
|z Dokumentum-elérés
|